[Event "8th Vellmar Chess Days"]
[Site "chess24.com"]
[Date "2016.07.28"]
[Round "1"]
[White "Meijers, Viesturs"]
[Black "Kobs, Stephan"]
[Result "1-0"]
[Board "1"]
[WhiteElo "2446"]
[WhiteTitle "GM"]
[WhiteCountry "LAT"]
[WhiteFideId "11600314"]
[WhiteEloChange "1"]
[BlackElo "1933"]
[BlackCountry "GER"]
[BlackFideId "4684656"]
[BlackEloChange "-2"]

1. e4 {[%clk 1:30:54]} c5 {[%clk 1:30:44]} 2. Nf3 {[%clk 1:31:21]} d6 {[%clk
1:31:00]} 3. d4 {[%clk 1:31:46]} cxd4 {[%clk 1:31:18]} 4. Nxd4 {[%clk 1:32:14]}
Nf6 {[%clk 1:31:34]} 5. Nc3 {[%clk 1:32:41]} a6 {[%clk 1:31:43]} 6. Bg5 {[%clk
1:32:25]} e6 {[%clk 1:31:42]} 7. a4 {[%clk 1:30:46]} Be7 {[%clk 1:30:18]} 8. Qd2
{[%clk 1:28:24]} h6 {[%clk 1:27:34]} 9. Bh4 {[%clk 1:28:47]} b6 {[%clk 1:18:29]}
10. Be2 {[%clk 1:27:16]} Bb7 {[%clk 1:16:40]} 11. f3 {[%clk 1:26:00]} Qc7 {[%clk
1:11:52]} 12. Bf2 {[%clk 1:25:48]} d5 {[%clk 1:10:35]} 13. exd5 {[%clk 1:23:45]}
Nxd5 {[%clk 1:10:46]} 14. Nxd5 {[%clk 1:24:11]} Bxd5 {[%clk 1:10:15]} 15. Nf5
{[%clk 1:23:43]} Bg5 {[%clk 1:02:25]} 16. Nxg7+ {[%clk 1:20:33]} Kf8 {[%clk
1:00:15]} 17. Qd4 {[%clk 1:20:55]} Rg8 {[%clk 0:59:53]} 18. Nh5 {[%clk 1:18:20]}
Nd7 {[%clk 0:53:38]} 19. c4 {[%clk 1:13:13]} Bc6 {[%clk 0:52:55]} 20. O-O {[%clk
1:08:30]} Rd8 {[%clk 0:52:38]} 21. Qc3 {[%clk 1:07:44]} e5 {[%clk 0:42:19]} 22.
Rad1 {[%clk 1:05:46]} Be7 {[%clk 0:40:25]} 23. b3 {[%clk 1:05:09]} Rg6 {[%clk
0:32:47]} 24. Ng3 {[%clk 1:04:38]} Bc5 {[%clk 0:27:21]} 25. Bxc5+ {[%clk
1:02:23]} bxc5 {[%clk 0:26:59]} 26. Bd3 {[%clk 1:02:49]} Re6 {[%clk 0:06:30]} 27.
Be4 {[%clk 1:01:44]} Bxe4 {[%clk 0:06:34]} 28. Nxe4 {[%clk 1:01:23]} f5 {[%clk
0:06:09]} 29. Ng3 {[%clk 1:01:36]} Rf6 {[%clk 0:06:04]} 30. Rd5 {[%clk 1:01:33]}
Re8 {[%clk 0:03:03]} 31. Rfd1 {[%clk 1:00:56]} Nb6 {[%clk 0:03:26]} 32. R5d2
{[%clk 1:01:20]} Nc8 {[%clk 0:02:53]} 33. Rd7 {[%clk 1:01:26]} Qb6 {[%clk
0:02:09]} 34. a5 {[%clk 1:00:14]} Qc6 {[%clk 0:01:51]} 35. R7d5 {[%clk 0:58:44]}
Qc7 {[%clk 0:01:54]} 36. f4 {[%clk 0:58:59]} Rfe6 {[%clk 0:00:59]} 37. Nxf5
{[%clk 0:56:35]} Ne7 {[%clk 0:00:47]} 38. Nxe7 {[%clk 0:55:59]} Qxe7 {[%clk
0:00:38]} 39. Rd7 {[%clk 0:55:42]} Qh4 {[%clk 0:01:04]} 40. fxe5 {[%clk 0:55:37]}
Rxe5 {[%clk 0:01:10]} 41. Qf3+ {[%clk 0:56:01]} 1-0

[Event "8th Vellmar Chess Days"]
[Site "chess24.com"]
[Date "2016.07.28"]
[Round "1"]
[White "Mueller, Mark"]
[Black "Rafiee, Makan"]
[Result "0-1"]
[Board "2"]
[WhiteElo "1932"]
[WhiteCountry "GER"]
[WhiteFideId "12997218"]
[WhiteEloChange "-2"]
[BlackElo "2318"]
[BlackTitle "FM"]
[BlackCountry "GER"]
[BlackFideId "24609340"]
[BlackEloChange "2"]

1. e4 {[%clk 1:30:56]} e5 {[%clk 1:30:51]} 2. Nf3 {[%clk 1:31:19]} Nc6 {[%clk
1:31:15]} 3. Bc4 {[%clk 1:31:41]} Bc5 {[%clk 1:31:37]} 4. c3 {[%clk 1:32:04]} Nf6
{[%clk 1:31:58]} 5. d3 {[%clk 1:32:26]} a6 {[%clk 1:31:57]} 6. Nbd2 {[%clk
1:32:41]} h6 {[%clk 1:31:57]} 7. O-O {[%clk 1:29:01]} Ba7 {[%clk 1:27:45]} 8. Re1
{[%clk 1:29:00]} O-O {[%clk 1:27:45]} 9. Nf1 {[%clk 1:28:44]} d6 {[%clk 1:26:53]}
10. Bb3 {[%clk 1:27:16]} Be6 {[%clk 1:24:30]} 11. Bc2 {[%clk 1:22:35]} d5 {[%clk
1:24:22]} 12. exd5 {[%clk 1:22:19]} Nxd5 {[%clk 1:24:43]} 13. Ne3 {[%clk
1:19:50]} Nf6 {[%clk 1:03:29]} 14. Qe2 {[%clk 1:10:55]} Re8 {[%clk 0:51:59]} 15.
Nc4 {[%clk 1:08:21]} Bxc4 {[%clk 0:51:14]} 16. dxc4 {[%clk 1:08:43]} e4 {[%clk
0:51:35]} 17. Nh4 {[%clk 1:05:41]} Qd7 {[%clk 0:50:34]} 18. Be3 {[%clk 1:03:54]}
g5 {[%clk 0:45:50]} 19. Rad1 {[%clk 0:49:37]} Qe6 {[%clk 0:46:08]} 20. c5 {[%clk
0:49:41]} gxh4 {[%clk 0:44:41]} 21. Bb3 {[%clk 0:48:54]} Qf5 {[%clk 0:44:02]} 22.
Bd4 {[%clk 0:46:00]} Nxd4 {[%clk 0:42:54]} 23. cxd4 {[%clk 0:46:16]} c6 {[%clk
0:43:14]} 0-1

[Event "8th Vellmar Chess Days"]
[Site "chess24.com"]
[Date "2016.07.28"]
[Round "1"]
[White "Meyner, Hannes"]
[Black "Koch, Yannick"]
[Result "1-0"]
[Board "3"]
[WhiteElo "2204"]
[WhiteCountry "GER"]
[WhiteFideId "4664205"]
[WhiteEloChange "3"]
[BlackElo "1930"]
[BlackCountry "GER"]
[BlackFideId "24661678"]
[BlackEloChange "-3"]

1. d4 {[%clk 1:30:56]} e6 {[%clk 1:30:17]} 2. c4 {[%clk 1:31:19]} Nf6 {[%clk
1:30:28]} 3. Nc3 {[%clk 1:30:48]} Bb4 {[%clk 1:30:23]} 4. f3 {[%clk 1:29:52]} c5
{[%clk 1:27:44]} 5. d5 {[%clk 1:30:18]} Bxc3+ {[%clk 1:18:16]} 6. bxc3 {[%clk
1:30:38]} d6 {[%clk 1:18:02]} 7. e4 {[%clk 1:27:29]} e5 {[%clk 1:17:15]} 8. Bd3
{[%clk 1:25:53]} O-O {[%clk 1:11:16]} 9. Ne2 {[%clk 1:25:37]} Nh5 {[%clk
1:01:26]} 10. h4 {[%clk 1:14:01]} f5 {[%clk 0:46:47]} 11. exf5 {[%clk 1:06:50]}
Nf4 {[%clk 0:46:43]} 12. Nxf4 {[%clk 0:59:12]} exf4 {[%clk 0:47:07]} 13. Qc2
{[%clk 0:58:45]} Qe7+ {[%clk 0:32:55]} 14. Kf2 {[%clk 0:55:29]} Qe5 {[%clk
0:29:13]} 15. Re1 {[%clk 0:52:52]} Qf6 {[%clk 0:29:36]} 16. Bxf4 {[%clk 0:51:38]}
Qxh4+ {[%clk 0:30:01]} 17. Bg3 {[%clk 0:51:54]} Qf6 {[%clk 0:29:57]} 18. Re6
{[%clk 0:41:58]} Bxe6 {[%clk 0:28:08]} 19. fxe6 {[%clk 0:42:20]} 1-0

[Event "8th Vellmar Chess Days"]
[Site "chess24.com"]
[Date "2016.07.28"]
[Round "1"]
[White "Heckmann, Torsten"]
[Black "Pallas, Sebastian"]
[Result "0-1"]
[Board "4"]
[WhiteElo "1928"]
[WhiteCountry "GER"]
[WhiteFideId "24653896"]
[WhiteEloChange "-3"]
[BlackElo "2204"]
[BlackCountry "GER"]
[BlackFideId "12905453"]
[BlackEloChange "3"]

1. Nf3 {[%clk 1:30:49]} Nf6 {[%clk 1:30:47]} 2. g3 {[%clk 1:30:50]} g6 {[%clk
1:31:08]} 3. Bg2 {[%clk 1:30:52]} Bg7 {[%clk 1:31:29]} 4. O-O {[%clk 1:29:58]}
O-O {[%clk 1:31:44]} 5. Nc3 {[%clk 1:28:06]} d5 {[%clk 1:31:15]} 6. d4 {[%clk
1:26:39]} c6 {[%clk 1:29:14]} 7. Re1 {[%clk 1:25:31]} Nbd7 {[%clk 1:28:33]} 8.
Nd2 {[%clk 1:16:51]} e5 {[%clk 1:25:52]} 9. dxe5 {[%clk 1:06:36]} Nxe5 {[%clk
1:25:57]} 10. Nf3 {[%clk 1:03:36]} Nxf3+ {[%clk 1:22:42]} 11. Bxf3 {[%clk
0:53:13]} Bf5 {[%clk 1:19:02]} 12. Be3 {[%clk 0:46:41]} Re8 {[%clk 1:14:00]} 13.
a4 {[%clk 0:26:39]} Nd7 {[%clk 1:09:05]} 14. Bg2 {[%clk 0:23:04]} Qf6 {[%clk
1:07:00]} 15. Bc1 {[%clk 0:19:26]} Nc5 {[%clk 1:03:55]} 16. e3 {[%clk 0:19:19]}
Rad8 {[%clk 1:01:10]} 17. Ne2 {[%clk 0:16:20]} Ne4 {[%clk 0:56:10]} 18. f3 {[%clk
0:10:39]} Nd6 {[%clk 0:54:14]} 19. Nd4 {[%clk 0:07:04]} Bd7 {[%clk 0:50:16]} 20.
Bd2 {[%clk 0:05:56]} Nc4 {[%clk 0:49:44]} 21. Bc3 {[%clk 0:03:39]} Nxe3 {[%clk
0:43:59]} 22. Qd3 {[%clk 0:03:55]} Nf5 {[%clk 0:43:47]} 23. Ne2 {[%clk 0:01:49]}
d4 {[%clk 0:42:46]} 24. Bd2 {[%clk 0:00:58]} 0-1

[Event "8th Vellmar Chess Days"]
[Site "chess24.com"]
[Date "2016.07.28"]
[Round "1"]
[White "Humburg, Philipp"]
[Black "Boerma, Daniel"]
[Result "1-0"]
[Board "5"]
[WhiteElo "2201"]
[WhiteCountry "GER"]
[WhiteFideId "24656151"]
[WhiteEloChange "3"]
[BlackElo "1926"]
[BlackCountry "GER"]
[BlackFideId "12965715"]
[BlackEloChange "-3"]

1. e4 {[%clk 1:30:55]} e6 {[%clk 1:30:31]} 2. d4 {[%clk 1:31:08]} d5 {[%clk
1:30:47]} 3. Nc3 {[%clk 1:31:32]} dxe4 {[%clk 1:30:55]} 4. Nxe4 {[%clk 1:31:59]}
Nf6 {[%clk 1:31:09]} 5. Nxf6+ {[%clk 1:32:24]} gxf6 {[%clk 1:31:23]} 6. Nf3
{[%clk 1:32:29]} b6 {[%clk 1:31:10]} 7. g3 {[%clk 1:31:56]} Bb7 {[%clk 1:31:03]}
8. Bg2 {[%clk 1:32:17]} Nd7 {[%clk 1:30:13]} 9. O-O {[%clk 1:32:38]} c6 {[%clk
1:29:28]} 10. Re1 {[%clk 1:32:44]} Qc7 {[%clk 1:29:30]} 11. Nh4 {[%clk 1:32:29]}
O-O-O {[%clk 1:28:02]} 12. Qh5 {[%clk 1:31:40]} Nb8 {[%clk 1:25:55]} 13. c3
{[%clk 1:31:59]} Na6 {[%clk 1:20:53]} 14. b4 {[%clk 1:31:52]} Qd7 {[%clk
1:20:24]} 15. a4 {[%clk 1:31:02]} Nc7 {[%clk 1:20:02]} 16. Bb2 {[%clk 1:19:58]}
Bd6 {[%clk 1:17:32]} 17. Reb1 {[%clk 1:13:51]} Rdg8 {[%clk 1:16:46]} 18. Bc1
{[%clk 1:14:03]} f5 {[%clk 1:14:17]} 19. f4 {[%clk 1:09:08]} Bf8 {[%clk 1:10:48]}
20. Be3 {[%clk 1:04:56]} Rg4 {[%clk 1:09:48]} 21. Nf3 {[%clk 1:04:21]} f6 {[%clk
1:05:28]} 22. Bh3 {[%clk 1:04:01]} Rg6 {[%clk 1:04:19]} 23. Nh4 {[%clk 1:03:22]}
Rh6 {[%clk 1:03:10]} 24. Qe2 {[%clk 1:03:44]} Rg8 {[%clk 1:03:20]} 25. Bg2 {[%clk
1:03:36]} Rxh4 {[%clk 1:00:18]} 26. c4 {[%clk 1:02:24]} e5 {[%clk 0:58:15]} 27.
gxh4 {[%clk 0:52:23]} exd4 {[%clk 0:56:57]} 28. Bf2 {[%clk 0:52:13]} c5 {[%clk
0:57:03]} 29. Bg3 {[%clk 0:52:29]} Bxg2 {[%clk 0:55:16]} 30. Qxg2 {[%clk
0:52:43]} Bd6 {[%clk 0:52:32]} 31. a5 {[%clk 0:51:44]} Bxf4 {[%clk 0:50:47]} 32.
axb6 {[%clk 0:49:45]} Bxg3 {[%clk 0:41:55]} 33. hxg3 {[%clk 0:49:14]} f4 {[%clk
0:39:02]} 34. Rxa7 {[%clk 0:48:53]} 1-0

[Event "8th Vellmar Chess Days"]
[Site "chess24.com"]
[Date "2016.07.28"]
[Round "1"]
[White "Schnegelberger, Leon"]
[Black "Ding, Linlin"]
[Result "0-1"]
[Board "6"]
[WhiteElo "1924"]
[WhiteCountry "GER"]
[WhiteFideId "16211871"]
[WhiteEloChange "-3"]
[BlackElo "2199"]
[BlackCountry "CHN"]
[BlackFideId "8601267"]
[BlackEloChange "3"]

1. d4 {[%clk 1:30:30]} d6 {[%clk 1:30:26]} 2. c4 {[%clk 1:30:38]} Nf6 {[%clk
1:30:39]} 3. Nc3 {[%clk 1:30:52]} g6 {[%clk 1:30:59]} 4. e4 {[%clk 1:29:50]} Bg7
{[%clk 1:31:23]} 5. f3 {[%clk 1:28:09]} O-O {[%clk 1:31:03]} 6. Be3 {[%clk
1:25:39]} e5 {[%clk 1:30:54]} 7. d5 {[%clk 1:20:04]} Ne8 {[%clk 1:28:36]} 8. Bd3
{[%clk 1:06:21]} Bh6 {[%clk 1:26:09]} 9. Qd2 {[%clk 0:56:57]} Bxe3 {[%clk
1:25:51]} 10. Qxe3 {[%clk 0:54:53]} f5 {[%clk 1:23:18]} 11. Nge2 {[%clk 0:47:10]}
Nd7 {[%clk 1:20:03]} 12. exf5 {[%clk 0:41:03]} gxf5 {[%clk 1:20:25]} 13. O-O-O
{[%clk 0:39:30]} Ndf6 {[%clk 1:17:03]} 14. Qg5+ {[%clk 0:36:29]} Ng7 {[%clk
1:16:59]} 15. Ng3 {[%clk 0:35:01]} Kh8 {[%clk 1:12:01]} 16. Nxf5 {[%clk 0:27:45]}
Nxf5 {[%clk 1:11:53]} 17. Bxf5 {[%clk 0:24:20]} Rg8 {[%clk 1:11:34]} 18. Ne4
{[%clk 0:23:44]} Rxg5 {[%clk 1:11:10]} 19. Nxg5 {[%clk 0:24:07]} Qg8 {[%clk
1:10:36]} 20. Ne6 {[%clk 0:22:59]} Bxe6 {[%clk 1:09:17]} 21. Bxe6 {[%clk
0:22:45]} Qxg2 {[%clk 1:06:19]} 0-1

[Event "8th Vellmar Chess Days"]
[Site "chess24.com"]
[Date "2016.07.28"]
[Round "1"]
[White "Boos, Markus"]
[Black "Reitz, Philipp"]
[Result "1-0"]
[Board "7"]
[WhiteElo "2176"]
[WhiteCountry "GER"]
[WhiteFideId "4678656"]
[WhiteEloChange "4"]
[BlackElo "1924"]
[BlackCountry "GER"]
[BlackFideId "12973297"]
[BlackEloChange "-4"]

1. d4 {[%clk 1:30:55]} Nf6 {[%clk 1:30:37]} 2. c4 {[%clk 1:31:20]} g6 {[%clk
1:30:20]} 3. g3 {[%clk 1:31:44]} c5 {[%clk 1:27:59]} 4. d5 {[%clk 1:32:01]} b5
{[%clk 1:27:17]} 5. cxb5 {[%clk 1:32:21]} a6 {[%clk 1:27:42]} 6. bxa6 {[%clk
1:32:46]} Bxa6 {[%clk 1:28:04]} 7. Bg2 {[%clk 1:31:56]} d6 {[%clk 1:28:29]} 8.
Nc3 {[%clk 1:31:15]} Bg7 {[%clk 1:28:07]} 9. Nf3 {[%clk 1:31:18]} O-O {[%clk
1:27:30]} 10. O-O {[%clk 1:31:38]} Nbd7 {[%clk 1:26:38]} 11. Rb1 {[%clk 1:31:50]}
Nb6 {[%clk 1:16:35]} 12. b3 {[%clk 1:31:41]} Ra7 {[%clk 1:06:38]} 13. Re1 {[%clk
1:28:15]} Nbd7 {[%clk 0:56:42]} 14. a4 {[%clk 1:21:17]} Qb6 {[%clk 0:48:55]} 15.
Bd2 {[%clk 1:13:14]} Ng4 {[%clk 0:45:57]} 16. h3 {[%clk 1:12:03]} Nge5 {[%clk
0:46:12]} 17. Nxe5 {[%clk 1:10:55]} Nxe5 {[%clk 0:46:35]} 18. Qc2 {[%clk
1:01:31]} Qc7 {[%clk 0:41:14]} 19. f4 {[%clk 0:54:58]} Nd7 {[%clk 0:41:35]} 20.
e4 {[%clk 0:54:09]} Rc8 {[%clk 0:34:58]} 21. Bf1 {[%clk 0:51:10]} Bd4+ {[%clk
0:29:31]} 22. Kg2 {[%clk 0:50:34]} Bxf1+ {[%clk 0:16:15]} 23. Rxf1 {[%clk
0:51:01]} Bxc3 {[%clk 0:16:12]} 24. Bxc3 {[%clk 0:49:38]} Rca8 {[%clk 0:14:33]}
25. a5 {[%clk 0:48:31]} Nb8 {[%clk 0:14:30]} 26. Qd2 {[%clk 0:39:57]} Na6 {[%clk
0:13:17]} 27. f5 {[%clk 0:39:49]} e5 {[%clk 0:11:16]} 28. dxe6 {[%clk 0:36:55]}
fxe6 {[%clk 0:11:40]} 29. fxe6 {[%clk 0:35:27]} Qe7 {[%clk 0:11:50]} 30. Rf6
{[%clk 0:32:07]} Nc7 {[%clk 0:09:53]} 31. Rbf1 {[%clk 0:22:02]} Nxe6 {[%clk
0:05:38]} 32. Qd5 {[%clk 0:22:12]} Re8 {[%clk 0:06:04]} 33. e5 {[%clk 0:21:00]}
dxe5 {[%clk 0:05:11]} 34. Qxe5 {[%clk 0:20:05]} Nd4 {[%clk 0:02:32]} 35. Qd5+
{[%clk 0:18:24]} Kg7 {[%clk 0:02:29]} 36. Bxd4 {[%clk 0:16:15]} cxd4 {[%clk
0:02:52]} 37. Qxd4 {[%clk 0:16:23]} Qe4+ {[%clk 0:03:17]} 38. Qxe4 {[%clk
0:16:11]} Rxe4 {[%clk 0:03:41]} 39. a6 {[%clk 0:16:13]} Re2+ {[%clk 0:03:36]} 40.
R1f2 {[%clk 0:12:52]} Rxf2+ {[%clk 0:03:22]} 41. Rxf2 {[%clk 0:13:20]} Rxa6
{[%clk 0:03:40]} 42. b4 {[%clk 0:13:25]} Rb6 {[%clk 0:02:42]} 43. Rb2 {[%clk
0:10:33]} Kf6 {[%clk 0:02:49]} 44. Kf3 {[%clk 0:10:57]} Kf5 {[%clk 0:02:07]} 45.
b5 {[%clk 0:11:08]} h5 {[%clk 0:01:48]} 46. h4 {[%clk 0:09:42]} Ke5 {[%clk
0:29:19]} 47. Ke3 {[%clk 0:40:27]} Kd5 {[%clk 0:29:04]} 48. Kf4 {[%clk 0:40:15]}
Kd4 {[%clk 0:27:26]} 49. Kg5 {[%clk 0:39:08]} Ke5 {[%clk 0:22:31]} 50. Rb4 {[%clk
0:38:04]} Kd5 {[%clk 0:22:05]} 51. Rb3 {[%clk 0:38:00]} Ke4 {[%clk 0:21:42]} 52.
Kh6 {[%clk 0:32:29]} Kf5 {[%clk 0:19:28]} 53. Rb4 {[%clk 0:31:54]} Kf6 {[%clk
0:17:02]} 54. Rf4+ {[%clk 0:31:51]} Ke5 {[%clk 0:16:50]} 55. Kg5 {[%clk 0:31:16]}
Rd6 {[%clk 0:16:17]} 56. Rf3 {[%clk 0:29:59]} Rb6 {[%clk 0:14:34]} 57. Kh6 {[%clk
0:29:46]} Ke4 {[%clk 0:13:19]} 58. Rf4+ {[%clk 0:29:22]} Kd5 {[%clk 0:13:18]} 59.
Kg7 {[%clk 0:29:22]} Ke5 {[%clk 0:11:17]} 60. Kf7 {[%clk 0:28:48]} Rxb5 {[%clk
0:09:04]} 61. Kxg6 {[%clk 0:28:54]} Rb3 {[%clk 0:09:21]} 62. Rf5+ {[%clk
0:29:13]} Ke6 {[%clk 0:09:42]} 63. Rg5 {[%clk 0:29:32]} 1-0

[Event "8th Vellmar Chess Days"]
[Site "chess24.com"]
[Date "2016.07.28"]
[Round "1"]
[White "Kluempen, Andreas"]
[Black "Heinelt, Manfred"]
[Result "1/2-1/2"]
[Board "8"]
[WhiteElo "1917"]
[WhiteCountry "GER"]
[WhiteFideId "16226305"]
[WhiteEloChange "6"]
[BlackElo "2175"]
[BlackCountry "GER"]
[BlackFideId "4656695"]
[BlackEloChange "-6"]

1. Nf3 {[%clk 1:30:30]} c5 {[%clk 1:30:30]} 2. c4 {[%clk 1:30:40]} Nf6 {[%clk
1:30:20]} 3. Nc3 {[%clk 1:30:50]} b6 {[%clk 1:30:34]} 4. g3 {[%clk 1:29:57]} Bb7
{[%clk 1:30:56]} 5. Bg2 {[%clk 1:30:22]} g6 {[%clk 1:30:15]} 6. O-O {[%clk
1:30:40]} Bg7 {[%clk 1:30:39]} 7. d3 {[%clk 1:29:35]} O-O {[%clk 1:30:40]} 8. e4
{[%clk 1:29:35]} d6 {[%clk 1:30:17]} 9. Bd2 {[%clk 1:17:51]} Nc6 {[%clk 1:17:56]}
10. a3 {[%clk 1:15:52]} e6 {[%clk 1:16:02]} 11. Rb1 {[%clk 0:59:54]} a5 {[%clk
1:04:38]} 12. Nb5 {[%clk 0:55:55]} d5 {[%clk 0:57:12]} 13. Bf4 {[%clk 0:55:38]}
Ne8 {[%clk 0:49:13]} 14. exd5 {[%clk 0:52:28]} exd5 {[%clk 0:46:20]} 15. Qe2
{[%clk 0:50:37]} 1/2-1/2

[Event "8th Vellmar Chess Days"]
[Site "chess24.com"]
[Date "2016.07.28"]
[Round "1"]
[White "Halt, David"]
[Black "Retzlaff, Thomas"]
[Result "0-1"]
[Board "9"]
[WhiteElo "2096"]
[WhiteCountry "GER"]
[WhiteFideId "24614602"]
[WhiteEloChange "-16"]
[BlackElo "1869"]
[BlackCountry "GER"]
[BlackFideId "12980633"]
[BlackEloChange "16"]

1. e4 {[%clk 1:30:49]} Nc6 {[%clk 1:30:41]} 2. Nf3 {[%clk 1:30:43]} d5 {[%clk
1:31:07]} 3. exd5 {[%clk 1:30:13]} Qxd5 {[%clk 1:31:31]} 4. Nc3 {[%clk 1:21:18]}
Qa5 {[%clk 1:31:54]} 5. Bb5 {[%clk 1:19:45]} Bd7 {[%clk 1:32:20]} 6. Qe2 {[%clk
1:18:30]} O-O-O {[%clk 1:32:21]} 7. d3 {[%clk 1:10:37]} e6 {[%clk 1:29:55]} 8.
Bd2 {[%clk 1:09:31]} Bb4 {[%clk 1:30:08]} 9. Bxc6 {[%clk 1:06:23]} Bxc6 {[%clk
1:30:23]} 10. Ne5 {[%clk 1:04:37]} Be8 {[%clk 1:30:34]} 11. a3 {[%clk 1:04:29]}
f6 {[%clk 1:27:48]} 12. Nc4 {[%clk 1:03:31]} Qa6 {[%clk 1:27:22]} 13. O-O-O
{[%clk 1:02:11]} Bxc3 {[%clk 1:26:31]} 14. Bxc3 {[%clk 1:02:31]} Ne7 {[%clk
1:25:23]} 15. f4 {[%clk 0:58:45]} Kb8 {[%clk 1:23:52]} 16. g4 {[%clk 0:55:47]}
Nd5 {[%clk 1:23:39]} 17. Bd2 {[%clk 0:56:00]} b5 {[%clk 1:22:52]} 18. Na5 {[%clk
0:54:58]} Nxf4 {[%clk 1:21:18]} 19. Bxf4 {[%clk 0:52:39]} Qxa5 {[%clk 1:21:37]}
20. Qxe6 {[%clk 0:52:05]} Bd7 {[%clk 1:21:57]} 21. Qe2 {[%clk 0:50:40]} Qa4
{[%clk 1:21:08]} 22. Rdf1 {[%clk 0:38:17]} b4 {[%clk 1:17:38]} 23. axb4 {[%clk
0:37:17]} Rhe8 {[%clk 1:16:04]} 24. Qf2 {[%clk 0:33:01]} Qxb4 {[%clk 1:15:01]}
25. h3 {[%clk 0:31:07]} Re6 {[%clk 1:14:11]} 26. c3 {[%clk 0:17:09]} Qb3 {[%clk
1:06:57]} 27. Qh2 {[%clk 0:12:54]} Rde8 {[%clk 1:01:52]} 28. Qc2 {[%clk 0:05:36]}
Qa2 {[%clk 0:54:16]} 29. Qb1 {[%clk 0:05:43]} Qd5 {[%clk 0:53:42]} 30. Bd2 {[%clk
0:02:30]} Re2 {[%clk 0:48:21]} 31. d4 {[%clk 0:01:44]} Ba4 {[%clk 0:39:04]} 32.
Re1 {[%clk 0:00:46]} Bb3 {[%clk 0:38:52]} 33. Qd3 {[%clk 0:00:57]} Bc4 {[%clk
0:38:13]} 34. Qxh7 {[%clk 0:01:12]} Qb5 {[%clk 0:37:43]} 35. Rxe2 {[%clk
0:00:56]} Rxe2 {[%clk 0:37:53]} 36. Re1 {[%clk 0:01:08]} Rxe1+ {[%clk 0:33:36]}
37. Bxe1 {[%clk 0:01:33]} Bd3 {[%clk 0:33:58]} 38. Qg8+ {[%clk 0:01:46]} Kb7
{[%clk 0:34:21]} 39. Qa2 {[%clk 0:01:10]} Bf1 {[%clk 0:33:59]} 40. h4 {[%clk
0:01:08]} Be2 {[%clk 0:34:09]} 41. Qe6 {[%clk 0:00:57]} Bd3 {[%clk 0:28:49]} 42.
b3 {[%clk 0:00:39]} a5 {[%clk 0:20:51]} 43. Kb2 {[%clk 0:30:21]} a4 {[%clk
0:51:56]} 44. Bg3 {[%clk 0:26:52]} axb3 {[%clk 0:49:40]} 45. Qf7 {[%clk 0:25:10]}
Qc6 {[%clk 0:49:03]} 46. d5 {[%clk 0:23:57]} Qc4 {[%clk 0:48:27]} 47. Qxg7 {[%clk
0:15:58]} Be4 {[%clk 0:48:12]} 48. Qd7 {[%clk 0:10:23]} Bxd5 {[%clk 0:47:43]} 49.
Qe7 {[%clk 0:05:40]} Be6 {[%clk 0:46:16]} 50. h5 {[%clk 0:01:56]} Qe2+ {[%clk
0:46:28]} 51. Ka3 {[%clk 0:02:17]} Qa6+ {[%clk 0:46:42]} 52. Kb4 {[%clk 0:02:30]}
Qb6+ {[%clk 0:47:03]} 53. Ka4 {[%clk 0:01:24]} b2 {[%clk 0:45:07]} 54. Bxc7
{[%clk 0:01:29]} Qb3+ {[%clk 0:44:36]} 55. Ka5 {[%clk 0:01:44]} Qa2+ {[%clk
0:44:35]} 0-1

[Event "8th Vellmar Chess Days"]
[Site "chess24.com"]
[Date "2016.07.28"]
[Round "1"]
[White "Jensen, Jacob Bjerre"]
[Black "Hufendiek, Ekkehard"]
[Result "1-0"]
[Board "10"]
[WhiteElo "2172"]
[WhiteCountry "DEN"]
[WhiteFideId "1401513"]
[WhiteEloChange "4"]
[BlackElo "1914"]
[BlackCountry "GER"]
[BlackFideId "4650190"]
[BlackEloChange "-4"]

1. d4 {[%clk 1:30:57]} Nf6 {[%clk 1:30:24]} 2. c4 {[%clk 1:31:18]} e6 {[%clk
1:30:47]} 3. Nc3 {[%clk 1:31:42]} Bb4 {[%clk 1:31:10]} 4. Nf3 {[%clk 1:32:06]} c5
{[%clk 1:30:35]} 5. e3 {[%clk 1:32:28]} O-O {[%clk 1:30:42]} 6. Bd3 {[%clk
1:32:44]} d6 {[%clk 1:30:51]} 7. O-O {[%clk 1:32:35]} Bxc3 {[%clk 1:31:10]} 8.
bxc3 {[%clk 1:33:03]} Nc6 {[%clk 1:31:07]} 9. e4 {[%clk 1:33:12]} e5 {[%clk
1:31:27]} 10. d5 {[%clk 1:33:31]} Ne7 {[%clk 1:29:20]} 11. Nh4 {[%clk 1:32:19]}
h6 {[%clk 1:25:49]} 12. h3 {[%clk 1:32:15]} Nh7 {[%clk 1:25:55]} 13. Nf5 {[%clk
1:28:53]} Nxf5 {[%clk 1:24:20]} 14. exf5 {[%clk 1:29:21]} Re8 {[%clk 1:20:38]}
15. Qc2 {[%clk 1:20:07]} Qh4 {[%clk 1:16:04]} 16. f4 {[%clk 1:15:45]} Nf6 {[%clk
1:10:38]} 17. fxe5 {[%clk 1:14:14]} dxe5 {[%clk 1:11:05]} 18. Be3 {[%clk
1:10:56]} e4 {[%clk 1:09:22]} 19. Be2 {[%clk 1:09:55]} b6 {[%clk 1:07:10]} 20.
Kh2 {[%clk 0:59:13]} Nh5 {[%clk 0:52:58]} 21. Bxh5 {[%clk 0:58:39]} Qxh5 {[%clk
0:53:26]} 22. g4 {[%clk 0:56:50]} Qh4 {[%clk 0:53:29]} 23. Rae1 {[%clk 0:49:27]}
Ba6 {[%clk 0:45:51]} 24. Qa4 {[%clk 0:44:38]} Bb7 {[%clk 0:46:10]} 25. f6 {[%clk
0:32:29]} g6 {[%clk 0:45:43]} 26. Re2 {[%clk 0:23:43]} h5 {[%clk 0:38:37]} 27.
Rg2 {[%clk 0:17:24]} hxg4 {[%clk 0:24:11]} 28. Rxg4 {[%clk 0:17:43]} Qh5 {[%clk
0:24:00]} 29. Qd7 {[%clk 0:15:49]} Ba6 {[%clk 0:22:19]} 30. Rxg6+ {[%clk
0:15:32]} Qxg6 {[%clk 0:22:37]} 31. Rg1 {[%clk 0:15:58]} Qxg1+ {[%clk 0:22:53]}
32. Kxg1 {[%clk 0:15:55]} Red8 {[%clk 0:17:07]} 33. Qg4+ {[%clk 0:15:50]} Kf8
{[%clk 0:17:36]} 34. Bf4 {[%clk 0:15:05]} 1-0